000 01573nam a2200445 i 4500
001 87901
003 FINmELB
005 20241217171611.0
006 m o u
007 cr cn|||||||||
008 220829s2020 sp o 000 0 spa d
020 _a9788491817796
_q(e-book)
020 _z9788491817703
_q(impreso)
035 _a(OCoLC)1345546235
040 _aFINmELB
_bspa
_erda
_cFINmELB
041 1 _aspa
_heng
050 4 _aPR4746
_b.H373 2020
080 _a821.111-31"18"
082 0 4 _a823.912
_23
100 1 _aHardy, Thomas,
_d1840-1928,
_eautor.
240 1 0 _aJude the obscure.
_lEspañol
245 1 0 _aJude el oscuro /
_cThomas Hardy ; traducción de Miguel Ángel Pérez Pérez.
250 _aSegunda edición: 2020.
264 1 _aMadrid :
_bAlianza Editorial,
_c[2020]
264 4 _c©2020
300 _a1 recurso en línea (583 páginas)
336 _atexto
_btxt
_2rdacontent/spa
337 _acomputadora
_bc
_2rdamedia/spa
338 _arecurso en línea
_bcr
_2rdacarrier/spa
490 1 _a1320
588 _aDescripción basada en metadatos suministrados por el editor y otras fuentes.
590 _aRecurso electrónico. Santa Fe, Arg.: elibro, 2022. Disponible vía World Wide Web. El acceso puede estar limitado para las bibliotecas afiliadas a elibro.
650 4 _aNovela.
655 4 _aLibros electrónicos.
655 4 _aNovelas.
700 1 _aPérez Pérez, Miguel Ángel,
_d1963-
_etraductor,.
797 2 _aelibro, Corp.
830 0 _a1320.
856 4 0 _uhttps://elibro.net/ereader/politecnicointernacional/216573
999 _c87901
_d87901